| 000 | 00625cam a22002293a 4500 | ||
|---|---|---|---|
| 001 | 31984 | ||
| 003 | PGUSA | ||
| 005 | 20140828083707.0 | ||
| 008 | 100414s2010||||xxu|||||s|||||000 1 eng d | ||
| 040 |
_aPGUSA _beng |
||
| 042 | _adc | ||
| 050 | 4 | _aPR | |
| 100 | 1 |
_aSergeant, Adeline, _d1851-1904 |
|
| 245 | 1 | 2 |
_aA Life Sentence : _bA Novel _h[electronic resource] / _cAdeline Sergeant |
| 260 |
_bProject Gutenberg, _c2010 |
||
| 506 | _aPublic domain in the USA. | ||
| 516 | _aElectronic text | ||
| 653 | _aFiction | ||
| 830 | 0 |
_aProject Gutenberg _v31984 |
|
| 856 | 4 | 0 | _uhttp://www.gutenberg.org/ebooks/31984 |
| 942 | _cEB | ||
| 999 |
_c261239 _d261239 |
||